000 00802cam a2200277 a 4500
999 _c4896
_d4896
001 3277413
003 OSt
005 20220330111005.0
008 820224s1983 mou b 001 0 eng
010 _a 82003466
020 _a0801631173
040 _aDLC
_cDLC
_dDLC
_dOCoLC
050 1 0 _aRT63
_b.N87 1983
060 _aWY 100 N977
082 0 0 _a610.73
_219
245 0 4 _aThe Nursing process :
_ba scientific approach to nursing care /
_c[compiled by] Ann Marriner.
250 _a3rd ed.
260 _aSt. Louis :
_bMosby,
_cc1983.
300 _axi, 402 p. ;
_c24 cm.
504 _aIncludes bibliographies and index.
650 0 _aNursing.
650 2 _aNursing process.
700 2 _aMarriner-Tomey, Ann,
_d1943-
906 _a7
_bcbc
_corignew
_d1
_eocip
_f19
_gy-gencatlg
942 _2lcc
_cBK
_nCM